000 01243nam a22003017a 4500
008 150604b xxu||||| |||| 00| 0 eng d
020 _a9280811088
041 0 _aeng
080 _a338.43
111 _aInternational Conference on Sustainable Management of Headwater Resources
_cNairobi, Kenya)
_d(2002 :
245 1 0 _aSustainable management of headwater resources :
_cedited by Libor Jansky, Martin J. Haigh and Haushila Prasad.
260 _aTokyo ;
_bUnited Nations University Press,
260 _aNew York, NY :
_cc2005.
300 _a304 f
_bme il
_c24 cm.
500 _apreface:fXIV-XV
650 0 _aWatershed management
_vCongresses.
_zAfrica
650 0 _aMountain watersheds
_vCongresses.
_xManagement
_zAfrica
650 0 _aWater resources development
_vCongresses.
_zAfrica
650 0 _aSustainable development
_vCongresses.
_zAfrica
650 0 _aWatershed management
_vCongresses.
_xIndia
650 0 _aMountain watersheds
_vCongresses.
_xManagement
_zIndia
650 0 _aWater resources development
_vCongresses.
_zIndia
650 0 _aSustainable development
_vCongresses.
_zIndia
700 _aJansky, Libor.
700 _aHaigh, Martin J.,
700 _aPrasad, Haushila.
942 _2udc
_cBK
999 _c994
_d994